00211nam a2200085Ia 4500008004100000041000800041082001500049100001600064245004500080240625s9999 xx 000 0 und d aeng a808.20 PRA aPRASAD RIYA aREPORT ON STUDY OF RATIO ANALYSIS OF IDB